000 00813pam a2200241 a 4500
001 2614369
005 20180823082807.0
008 980210s1999 paua b 001 0 eng c
010 _a 98012901
020 _a0721671543 (alk. paper)
040 _aDNLM/DLC
_cDLC
_dDLC
041 _aeng
060 1 0 _aWS 105 D48912 1999
080 _a618.928
082 0 0 _a618.928
_221
100 _a8
101 _aPED
245 0 0 _aDevelopmental-behavioral pediatrics /
_c[edited by] Melvin D. Levine, William B. Carey, Allen C. Crocker.
504 _aIncludes bibliographical references and index.
906 _a7
_bcbc
_corignew
_d1
_eocip
_f19
_gy-gencatlg
942 _2ddc
_cBK
999 _c47285
_d47285